00395nam a2200121Ia 4500008004100000100002500041245003600066245002600102260000900128856004400137999001900181952007300200160531s9999 xx 000 0 und d aRichardson, Michael. aMuscle Atlas of the Extremities cby Michael Richardson c2011 uhttp://rad.washington.edu/muscle-atlas/ c295496d295496 001040aCLbCLd2016-05-31l0r2016-05-31 00:00:00w2016-05-31yCBE